Kirikou et la Sorcière - Classiques d'animation Choix multiples - Statistiques

Statistiques générales
  • Ce quiz a été pris 66 fois
  • Le résultat moyen est 12 sur 15
Statistiques - réponses
Question Réponse % Correct
Comment Kirikou est-il né ? Il est sorti tout seul du ventre de sa mère
98%
Comment se nomme la sorcière ? Karaba
98%
Selon la rumeur, que serait-il arrivé aux hommes partis combattre la sorcière ? Elle les aurait mangés
97%
Comment se nomment les créatures au service de cette sorcière ? Les fétiches
97%
Complétez ces paroles : "Kirikou n'est pas grand, mais il est ..." Vaillant
95%
Qu'est-ce qui confère sa méchanceté et ses pouvoirs maléfiques à la sorcière ? Une épine que des hommes lui ont enfoncée dans le dos
90%
Qu'est-ce qui fait grandir Kirikou ? Un baiser de la sorcière
89%
Qu'est-ce qui asséchait la source du village ? Une créature qui en buvait toute l'eau
87%
Par quelle ruse Kirikou sauve t'il son oncle de la sorcière ? Il le conseille en se cachant sous son chapeau
84%
Qui a réalisé ce film ? Michel Ocelot
82%
Kirikou doit trouver son grand-père. Ce dernier s'avère être également... Le sage
77%
La sorcière envoie ses créatures au village pour qu'ils lui rapportent... L'or des villageois
71%
La sorcière tente de capturer les enfants du village par différents moyens. Lequel n'utilise-t-elle PAS ? Un tam-tam ensorcelé
71%
Dans quel lieu ce dernier séjourne t'il ? Dans la grande termitière
42%
De quel animal Kirikou sauve t'il les rats palmistes dans leurs galeries ? Une zorille
35%
Aucun quiz correspondant
Distribution des résultats
% des personnes avec chaque résultat
Percentile par nombre de réponses
Votre historique - résultats
Vous n’avez pas pris ce quiz